000 02395cam a2200289 4500500
005 20260322012422.0
041 _afre
042 _adc
100 1 0 _aBédard, Éric
_eauthor
245 0 0 _aLa réaction en héritage ?
260 _c2015.
500 _a26
520 _aLe rapport à la France des Québécois n’a jamais été neutre. Si elles rejetaient les idéaux républicains, les élites traditionnalistes d’autrefois admiraient la France du Grand Siècle, fille aînée de l’Église. Ce texte tente de démontrer que, depuis les années 1960, parmi les intellectuels québécois les plus en vue, l’héritage français est discrédité en bloc. Ces nouvelles élites modernistes rejettent à la fois son Ancien Régime, inégalitaire, et son modèle républicain d’intégration des nouveaux arrivants, jugé intolérant lors de débats récents sur la laïcité. La vogue du concept d’américanité et l’adhésion au multiculturalisme libéral des élites intellectuelles québécoises ne seraient pas étrangères à ce rejet de l’héritage français.
520 _aReaction as Legacy ?Quebecers have always had a fraught relationship with France. While the traditional elites admired the France of the Grand Siècle and Louis XIV, they nonetheless rejected the country’s republican ideals. This article seeks to illustrate that, since the 1960s, Quebec’s French heritage has been totally discredited by the most well-known Quebecois intellectuals. These new modernist elites simultaneously reject France’s inequitable Ancien Régime and its republican model of integration for immigrants, which has come to be seen as intolerant in light of the recent debates on secularity. The appeal of the concept of “Americanness” and the support for liberal multiculturalism expressed by intellectual elites in Quebec help to explain this rejection of French heritage as a whole.
690 _aFrance
690 _ahistoriographie
690 _aidentité
690 _amodernité
690 _aQuébec
690 _aFrance
690 _ahistoriography
690 _aidentity
690 _amodernity
690 _aQuebec
786 0 _nVingtième Siècle. Revue d'histoire | 129 | 1 | 2015-12-17 | p. 13-25 | 0294-1759
856 4 1 _uhttps://shs.cairn.info/revue-vingtieme-siecle-revue-d-histoire-2016-1-page-13?lang=fr&redirect-ssocas=7080
999 _c1772524
_d1772525